Impact of migration on mountain region: A comparative study (Record no. 1225394)

MARC details
000 -LEADER
fixed length control field 00732nam a2200217Ia 4500
005 - DATE AND TIME OF LATEST TRANSACTION
control field 20241129104325.0
008 - FIXED-LENGTH DATA ELEMENTS--GENERAL INFORMATION
fixed length control field 241129s9999||||xx |||||||||||||| ||und||
020 ## - INTERNATIONAL STANDARD BOOK NUMBER
International Standard Book Number 9789351710615
037 ## - SOURCE OF ACQUISITION
Stock number Textual
040 ## - CATALOGING SOURCE
Original cataloging agency RTL
Language of cataloging eng
Transcribing agency RTL
041 ## - LANGUAGE CODE
Language code of text/sound track or separate title eng
Source of code eng
084 ## - COLON CLASSIFICATION NUMBER
Classification number U212-42.253 R2
Assigning agency RTL
100 ## - MAIN ENTRY--PERSONAL NAME
Personal name Bandooni Suresh Kumar; Hasija Anupama M; Devi L. Mirana
9 (RLIN) 725761
245 #0 - TITLE STATEMENT
Title Impact of migration on mountain region: A comparative study
Statement of responsibility, etc. Bandooni Suresh Kumar; Hasija Anupama M; Devi L. Mirana
260 ## - PUBLICATION, DISTRIBUTION, ETC.
Place of publication, distribution, etc. New Delhi
Name of publisher, distributor, etc. Research India Press
Date of publication, distribution, etc. 2022
300 ## - PHYSICAL DESCRIPTION
Extent xxiv,240p.
365 ## - TRADE PRICE
Price type code INR
Price amount 2500
650 ## - SUBJECT ADDED ENTRY--TOPICAL TERM
Topical term or geographic name entry element Migration Studies
9 (RLIN) 725164
942 ## - ADDED ENTRY ELEMENTS (KOHA)
Koha item type Textbook
Classification part U212-42.253 R2
Holdings
Withdrawn status Lost status Damaged status Not for loan Home library Current library Date acquired Source of acquisition Cost, normal purchase price Inventory number Total Checkouts Full call number Barcode Date last seen Price effective from Koha item type
        Ratan Tata Library Ratan Tata Library 2024-11-29 Research India Press 2500.00 163 & 06/02/23   U212-42.253 R2 RT1584859 2024-11-29 2024-11-29 Textbook
Copyright @ Delhi University Library System